000 00546nam a2200133Ia 4500
005 20260209120149.0
008 260209s9999||||xx |||||||||||||| ||und||
100 _aKarthikeyan P
245 0 _aLegal assistance in criminal cases by public defenders : a comparative analysis of legal aid system in India and the us
260 _aBangaloreBangalore
_bNLSIU, Bangalore
_c2023 - 2024
300 _a38 p. ; 25 cm.
700 _aMs. Darshana Mitra - SupervisorMs. Darshana Mitra - Supervisor
856 _uhttps://dans.nls.ac.in/handle/123456789/2109
999 _c217673
_d217673